000 01048nam a22001817a 4500
003 OSt
005 20251128132659.0
008 251128b |||||||| |||| 00| 0 eng d
040 _cDCL
082 _a၂၉၄.၃၈၂၃၅၇
130 _aတိပိဋက။
_pသုတ္တန္တပိဋက။
_pခုဒ္ဒကနိကာယ။
_tဗုဒ္ဓဝံသ၊ မဟာဗုဒ္ဓဝင် ၊
_lပါဠိတော်၊
_sနိဿယ။
245 _aမဟာဗုဒ္ဓဝင် ပါဠိတော် နိဿယ /
_cအသျှင်စာဂရမထေရ်။
264 _aမန္တလေး ၊
_bမန္တလေးတောင် ပိဋကတ်တော်စာပုံနှိပ်တိုက်၊
_c၁၉၅၉။
300 _a၁၈၇ စာမျက်နှာ ၊
_c၂၅ စင်တီ။
650 _aဗုဒ္ဓဝံသ
650 _aမဟာဗုဒ္ဓဝင်
_vပါဠိတော်နိဿယ။
942 _2ddc
_cSHORT TERM
_n0
999 _c2646
_d2646